7 Perso - 1 Pts Commun - Harry Potter #13 - Statistiques

Statistiques générales
  • Ce quiz a été pris 334 fois
  • Le résultat moyen est 4 sur 7
Statistiques - réponses
Personnages % Correct
Harry Potter
98%
Ginny Weasley
90%
Hermione Granger
87%
Club de Slug 2ème Génération
54%
Blaise Zabini
44%
Hestia Carrow
11%
Flora Carrow
10%
Aucun quiz correspondant
Distribution des résultats
% des personnes avec chaque résultat
Percentile par nombre de réponses
Votre historique - résultats
Vous n’avez pas pris ce quiz